[Event "Cheliabinsk Panchenko Memorial op-A"]
[Site "Cheliabinsk"]
[Date "2021.09.19"]
[Round "8"]
[White "Ivanov, Matvei"]
[Black "Dovbnia, Nikita"]
[Result "1/2-1/2"]
[WhiteElo "1872"]
[BlackElo "1986"]
[PlyCount "78"]
[EventDate "2021.09.13"]
[EventType "swiss"]
[EventRounds "10"]
[EventCountry "RUS"]
[SourceTitle "CBM 204 Extra"]
[Source "ChessBase"]
[SourceDate "2021.11.30"]
[SourceVersion "1"]
[SourceVersionDate "2021.11.30"]
[SourceQuality "1"]

1. c4 e5 2. Nc3 Nc6 3. g3 g6 4. Bg2 Bg7 5. b3 f5 6. Bb2 Nf6 7. e3 0-0 8. Nge2 Ne7 9. 0-0 d5 10. cxd5 Nexd5 11. Nxd5 Nxd5 12. d4 e4 13. Rc1 Be6 14. Nc3 Nxc3 15. Rxc3 Qd7 16. Qc2 c6 17. Rc5 Rf7 18. a3 Bd5 19. Rc3 Qe6 20. Rb1 g5 21. Kh1 Kh8 22. b4 f4 23. gxf4 gxf4 24. exf4 Rxf4 25. Bc1 e3 26. Rxe3 Bxg2+ 27. Kxg2 Qd5+ 28. Kg1 Rh4 29. Qc5 Qf7 30. Rg3 Bxd4 31. Qc2 Rf8 32. Bb2 Qf6 33. Bxd4 Rxd4 34. Re1 Rf4 35. Rg2 Rf5 36. Qd2 Re5 37. Rxe5 Qxe5 38. Rg3 Qf6 39. Qe3 b6 1/2-1/2

[Event "Cheliabinsk Panchenko Memorial op-A"]
[Site "Cheliabinsk"]
[Date "2021.09.18"]
[Round "6"]
[White "Ivanov, Matvei"]
[Black "Kavyev, Ruslan"]
[Result "0-1"]
[WhiteElo "1872"]
[BlackElo "2306"]
[PlyCount "80"]
[EventDate "2021.09.13"]
[EventType "swiss"]
[EventRounds "10"]
[EventCountry "RUS"]
[SourceTitle "CBM 204 Extra"]
[Source "ChessBase"]
[SourceDate "2021.11.30"]
[SourceVersion "1"]
[SourceVersionDate "2021.11.30"]
[SourceQuality "1"]

1. c4 Nf6 2. Nc3 d5 3. cxd5 Nxd5 4. g3 g6 5. Bg2 Nb6 6. Nf3 Bg7 7. 0-0 Nc6 8. d3 0-0 9. Bg5 h6 10. Bd2 e5 11. Rc1 Re8 12. Ne4 Nd4 13. Nc5 c6 14. b4 Qe7 15. e3 Ne6 16. d4 Nxc5 17. dxc5 Nd5 18. e4 Nc7 19. Bc3 Nb5 20. Bb2 Bg4 21. Qc2 a5 22. a3 Qe6 23. Ra1 axb4 24. axb4 Rad8 25. Rfd1 Nd4 26. Nxd4 exd4 27. f3 Bh3 28. Rd3 Bxg2 29. Kxg2 f5 30. Re1 Kh7 31. Qd2 fxe4 32. Rxe4 Qc4 33. Rh4 Ra8 34. Re4 Rxe4 35. fxe4 Ra2 36. Ra3 Rxa3 37. Bxa3 d3 38. Kf3 Bc3 39. Qf4 d2 40. Qd6 Qf1+ 0-1

[Event "Cheliabinsk Panchenko Memorial op-A"]
[Site "Cheliabinsk"]
[Date "2021.09.17"]
[Round "5"]
[White "Kostenko, Petr"]
[Black "Ivanov, Matvei"]
[Result "1-0"]
[WhiteElo "2435"]
[BlackElo "1872"]
[PlyCount "57"]
[EventDate "2021.09.13"]
[EventType "swiss"]
[EventRounds "10"]
[EventCountry "RUS"]
[SourceTitle "CBM 204 Extra"]
[Source "ChessBase"]
[SourceDate "2021.11.30"]
[SourceVersion "1"]
[SourceVersionDate "2021.11.30"]
[SourceQuality "1"]

1. e4 c6 2. d4 d5 3. e5 Bf5 4. c4 e6 5. Nc3 Ne7 6. h4 h6 7. a3 dxc4 8. Bxc4 Nd5 9. Nge2 Be7 10. Ng3 Bh7 11. Qg4 Rg8 12. Nce4 Qd7 13. Bd3 Bf5 14. Qf3 Bxe4 15. Nxe4 Na6 16. Bxa6 bxa6 17. 0-0 f5 18. exf6 Nxf6 19. Nc3 Qxd4 20. Qxc6+ Kf7 21. Re1 Qd6 22. Qf3 Rgd8 23. Bf4 Qd3 24. Re3 Qf5 25. Rae1 Bd6 26. Qb7+ Rd7 27. Qxa8 Qxf4 28. g3 Bc5 29. gxf4 1-0